000 00545nam a2200181Ia 4500
003 GCL
008 140319s9999 xx 000 0 ara d
040 _aGCL /
_cGCL
082 0 4 _a792.9
_bح ف
100 1 _aحازم شحاتة
245 1 0 _aالفعل المسرحى فى نصوص : ميخائيل رومان /
_cحازم شحاتة
300 _a287 ص
490 _aالهيئة العامة للاستعلامات
_v0
650 0 4 _aالمسرح
650 0 4 _aالمسرح - نقد
650 0 4 _aالمسرح - مصر
942 _2ddc
_cBK
999 _c49967
_d49967